Govt. of
Madhya Pradesh

Historicity Of Lord Jagannatha (Record no. 15611)

MARC details
000 -LEADER
fixed length control field 003760000a22001570004500
001 - CONTROL NUMBER
control field 003717
003 - CONTROL NUMBER IDENTIFIER
control field MACL
040 ## - CATALOGING SOURCE
Original cataloging agency MACL
090 ## - LOCALLY ASSIGNED LC-TYPE CALL NUMBER (OCLC); LOCAL CALL NUMBER (RLIN)
-- 15710
-- 15709
100 ## - MAIN ENTRY--PERSONAL NAME
Personal name Mukharjea, Sushil
245 ## - TITLE STATEMENT
Title Historicity Of Lord Jagannatha
Remainder of title A Socio-Historical Study
Statement of responsibility, etc. Sushil Mukharjea
260 ## - PUBLICATION, DISTRIBUTION, ETC. (IMPRINT)
Place of publication, distribution, etc. Minerva: India,
Date of publication, distribution, etc. 1989
350 ## - PRICE (NR) (BK AM CF MU VM SE) [OBSOLETE]
Price 75
650 ## - SUBJECT ADDED ENTRY--TOPICAL TERM
Topical term or geographic name as entry element Theology
942 ## - ADDED ENTRY ELEMENTS (KOHA)
Call number prefix 210
Koha item type Library Membar
Holdings
Withdrawn status Lost status Source of classification or shelving scheme Damaged status Not for loan Home library Current library Date acquired Cost, normal purchase price Total Checkouts Full call number Barcode Date last seen Uniform Resource Identifier Price effective from Koha item type
          MACL MACL 15/04/2015 75.00   210/MUK CRE010424 02/05/2024 15512 15/04/2015 Books